All Tame Impala Songs (October 2025) - Statistics

General Stats
  • This quiz has been taken 30 times
    12 since last reset
  • The average score is 30 of 107
Answer Stats
Year Song % Correct
2015 Let It Happen
100%
New Person, Same Old Mistakes
89%
2019 Borderline
78%
Dracula
78%
Nangs
67%
One More Hour
67%
2020 One More Year
67%
Backwards (feat. Kendrick Lamar)
56%
Elephant
56%
2025 End Of Summer
56%
Eventually
56%
Loser
56%
2009 Sundown Syndrome
56%
Sundown Syndrome - Canyons Remix
56%
2013 Beverly Laurel
44%
Breathe Deeper
44%
'Cause I'm A Man
44%
Ethereal Connection
44%
Feels Like We Only Go Backwards
44%
Feels Like We Only Go Backwards - Live
44%
Is It True
44%
2017 List Of People (To Try And Forget About)
44%
Neverender (with Justice)
44%
Posthumous Forgiveness
44%
Reality In Motion
44%
Remember Me
44%
Taxi's Here
44%
2022 The Boat I Row
44%
The Less I Know The Better
44%
Apocalypse Dream
33%
Apocalypse Dream - Live
33%
2012 Be Above It
33%
Be Above It - Live
33%
Disciples
33%
Glimmer
33%
Gossip
33%
Half Full Glass Of Wine
33%
Half Full Glass Of Wine - Live
33%
Jeremy's Storm
33%
Love/Paranoia
33%
Mind Mischief
33%
Mind Mischief - Live
33%
My Old Ways
33%
No Choice
33%
2024 One Night/All Night (with Justice)
33%
Past Life
33%
Patience
33%
See You On Monday (You're Lost)
33%
The Moment
33%
Afterthought
22%
2008 Desire Be Desire Go
22%
Desire Be Desire Go - Live
22%
Endors Toi
22%
2014 Endors Toi - Live
22%
I Don't Really Mind
22%
2010 It Is Not Meant To Be
22%
It Might Be Time
22%
Lost In Yesterday
22%
No More Lies (with Thundercat)
22%
Obsolete
22%
On Track
22%
Powerlines
22%
She Just Won't Believe Me
22%
Why Won't They Talk To Me?
22%
Why Won't You Make Up Your Mind?
22%
Why Won't You Make Up Your Mind? - Live
22%
Yes I'm Changing
22%
41 Mojitos Poolside Dub (feat. Canyons)
11%
41 Mosquitoes Flying In Formation
11%
Alter Ego
11%
Call My Phone Thinking I'm Doing Nothing Better (with The Streets)
11%
Expectation
11%
2011 Island Walking
11%
Lucidity
11%
Music To Walk Home By
11%
2018 My Life (with ZHU)
11%
New Gold (with Gorillaz & Bootie Brown)
11%
No Reply
11%
Nothing That Has Happened So Far Has Been Anything We Could Control
11%
Oblivion
11%
Only You (with Theophilus London)
11%
Piece Of Heaven
11%
Runway Houses City Clouds
11%
Skeleton Tiger
11%
Skeleton Tiger (Retamed By Canyons)
11%
Slide Through My Fingers
11%
Solitude Is Bliss
11%
Sun's Coming Up
11%
The Sun (Fred Cherry Eclipse)
11%
Tomorrow's Dust
11%
Vital Signs - Cover (Midnight Juggernaughts)
11%
Wander
11%
2016 waves - Remix (with Miguel)
11%
Canyons Sunrise Reprise (feat. Canyons)
0%
Edge of Reality - Remix (with Elvis Presley)
0%
Guilty Conscience - Remix (with 070 Shake)
0%
H.f.g.w (Canyons Drunken Rage)
0%
Instant Destiny
0%
Journey To The Real World
0%
Keep On Lying
0%
Not My World
0%
Sestri Levante - Live
0%
The Bold Arrow Of Time
0%
Turn Up The Sunshine (with Diana Ross)
0%
Whiplash (with Theophilus London)
0%
2023 Wings Of Time
0%
No matching quizzes found
Score Distribution
Percent of People with Each Score
Percentile by Number Answered
Your Score History
You have not taken this quiz since the last reset